[Event "Kiel op-A 29th"]
[Site "Kiel"]
[Date "2016.08.05"]
[Round "9"]
[White "Ijzermans, Gijs"]
[Black "Gottuk, Stefan"]
[Result "1/2-1/2"]
[WhiteElo "2106"]
[BlackElo "2203"]
[PlyCount "144"]
[EventDate "2016.07.30"]
[EventType "swiss"]
[EventRounds "9"]
[EventCountry "GER"]
[SourceTitle "EXT 2017"]
[Source "ChessBase"]
[SourceDate "2016.10.25"]
[SourceVersion "1"]
[SourceVersionDate "2016.10.25"]
[SourceQuality "1"]

1. Nf3 Nf6 2. d4 g6 3. Nc3 d5 4. Bf4 c6 5. e3 Bg7 6. Bd3 0-0 7. 0-0 Nh5 8. Bg5 f5 9. Ne2 h6 10. Bf4 g5 11. Be5 Nd7 12. Ng3 Nxg3 13. hxg3 Qe8 14. c4 e6 15. Bd6 Rf6 16. Ne5 h5 17. f4 g4 18. Kf2 Rh6 19. Nxd7 Bxd7 20. Rh1 Bf6 21. Ke2 Kf7 22. cxd5 cxd5 23. Qb3 Bc6 24. Rac1 Bd8 25. Qb4 Qd7 26. Rc2 h4 27. gxh4 Rxh4 28. Rcc1 Kg6 29. Rxh4 Bxh4 30. Rh1 Rh8 31. g3 Bf6 32. Rxh8 Bxh8 33. Be7 Kf7 34. Bh4 Bg7 35. b3 Bf8 36. Qa5 a6 37. Qd8 Qxd8 38. Bxd8 Bb4 39. a4 Ke8 40. Bh4 Kd7 41. Kd1 Kc7 42. Bg5 Bd7 43. Ke2 Bd6 44. Kd2 Bb4+ 45. Kd1 Kc8 46. Bf6 Bf8 47. Kd2 Kc7 48. Kd1 Kb6 49. Bd8+ Ka7 50. Ba5 Be7 51. Kc2 b6 52. Bd2 Bd8 53. Be1 b5 54. axb5 a5 55. Bd2 Kb6 56. Be1 Be7 57. Bd2 Bxb5 58. Bxb5 Kxb5 59. Be1 Ba3 60. Bd2 a4 61. bxa4+ Kxa4 62. Bc3 Kb5 63. Be1 Kc4 64. Bd2 Be7 65. Be1 Bd6 66. Bd2 Ba3 67. Be1 Bc1 68. Kxc1 Kd3 69. Kd1 Kxe3 70. Bd2+ Kf2 71. Be1+ Ke3 72. Bd2+ Kf2 1/2-1/2

[Event "Kiel op-A 29th"]
[Site "Kiel"]
[Date "2016.07.31"]
[Round "3"]
[White "Topalov, Mihail"]
[Black "Ijzermans, Gijs"]
[Result "1/2-1/2"]
[WhiteElo "1927"]
[BlackElo "2106"]
[PlyCount "81"]
[EventDate "2016.07.30"]
[EventType "swiss"]
[EventRounds "9"]
[EventCountry "GER"]
[SourceTitle "CBM 173 Extra"]
[Source "ChessBase"]
[SourceDate "2016.08.29"]
[SourceVersion "1"]
[SourceVersionDate "2016.08.29"]
[SourceQuality "1"]

1. e4 e5 2. Nf3 Nf6 3. Nxe5 d6 4. Nf3 Nxe4 5. Nc3 Nxc3 6. dxc3 Be7 7. Be3 Nc6 8. Qd2 0-0 9. 0-0-0 Re8 10. h3 Ne5 11. Nd4 c5 12. Nb3 Be6 13. Kb1 Nc4 14. Bxc4 Bxc4 15. Rhe1 a5 16. Bxc5 a4 17. Nc1 dxc5 18. Qxd8 Rexd8 19. Rxd8+ Rxd8 20. Rxe7 Bd5 21. f3 Kf8 22. Re1 Bc6 23. Nd3 c4 24. Nb4 Rd2 25. Nxc6 bxc6 26. Rg1 Ke7 27. Kc1 Rf2 28. Re1+ Kd6 29. Re4 Rxg2 30. Rxc4 Rg3 31. h4 Rxf3 32. Rxa4 h6 33. Rg4 g6 34. a4 h5 35. Rd4+ Kc7 36. a5 f6 37. Kd2 g5 38. Re4 Rf5 39. b4 g4 40. Re7+ Kb8 41. Ke2 1/2-1/2

[Event "Kiel op-A 29th"]
[Site "Kiel"]
[Date "2016.07.30"]
[Round "1"]
[White "Haye, Robert"]
[Black "Ijzermans, Gijs"]
[Result "0-1"]
[WhiteElo "1804"]
[BlackElo "2106"]
[PlyCount "56"]
[EventDate "2016.07.30"]
[EventType "swiss"]
[EventRounds "9"]
[EventCountry "GER"]
[SourceTitle "CBM 173 Extra"]
[Source "ChessBase"]
[SourceDate "2016.08.29"]
[SourceVersion "1"]
[SourceVersionDate "2016.08.29"]
[SourceQuality "1"]

1. c4 c5 2. d3 Nc6 3. Nf3 g6 4. Nc3 Bg7 5. e3 e5 6. Be2 Nge7 7. Ne4 d5 8. cxd5 Nxd5 9. a3 Qe7 10. Qc2 b6 11. Rb1 Bb7 12. b3 0-0 13. Bb2 Rad8 14. 0-0 Rfe8 15. Rfd1 h6 16. Ng3 Kh7 17. Kf1 f5 18. d4 e4 19. Ng1 f4 20. exf4 cxd4 21. f5 g5 22. Nh5 Bh8 23. Ng3 Nf4 24. Nh5 d3 25. Bxd3 exd3 26. Qc4 Ne5 27. Bxe5 Bxg2+ 28. Ke1 Bxe5 0-1

[Event "Groningen op-A 50th"]
[Site "Groningen"]
[Date "2012.12.28"]
[Round "7"]
[White "Ijzermans, Gijs"]
[Black "De Ruiter, Danny"]
[Result "1-0"]
[WhiteElo "1966"]
[BlackElo "2226"]
[PlyCount "61"]
[EventDate "2012.12.21"]
[EventType "swiss"]
[EventRounds "9"]
[EventCountry "NED"]
[SourceTitle "CBM 152 Extra"]
[Source "ChessBase"]
[SourceDate "2013.02.25"]
[SourceVersion "1"]
[SourceVersionDate "2013.02.25"]
[SourceQuality "1"]

1. Nf3 Nf6 2. b3 g6 3. Bb2 Bg7 4. e3 0-0 5. Be2 d6 6. d4 Nbd7 7. 0-0 c6 8. c4 Qc7 9. Nbd2 Rd8 10. Qc2 Nf8 11. Rfe1 h6 12. Rad1 Bd7 13. Bd3 Ne6 14. Nh4 a5 15. f4 Nf8 16. e4 a4 17. b4 Nh5 18. g3 Qb6 19. e5 Bg4 20. Rb1 dxe5 21. c5 Qc7 22. dxe5 Qd7 23. Re3 g5 24. Ng2 Qe6 25. Ne4 Bf5 26. Nf6+ exf6 27. Bxf5 Qxa2 28. Ra3 Qd5 29. Rd3 Qa2 30. Ra1 Rxd3 31. Rxa2 1-0